Hogwarts Founders Quiz - Statistics

General Stats
  • This quiz has been taken 18 times
  • The average score is 5 of 8
Answer Stats
Hint Answer % Correct
Founder of Gryffindor House Godric Gryffindor
100%
Founder of Ravenclaw House Rowena Ravenclaw
100%
Founder of Slytherin House Salazar Slytherin
100%
Founder of Hufflepuff House Helga Hufflepuff
91%
What was the name of Ravenclaw's daughter Helena Ravenclaw
64%
Who previously owned the sorting hat? Godric Gryffindor
27%
Which founder came up with Hogwarts' name? Rowena Ravenclaw
18%
Which founder's item was not Voldemort's horcrux Gryffindor's Sword
9%
No matching quizzes found
Score Distribution
Percent of People with Each Score
Percentile by Number Answered
Your Score History
You have not taken this quiz